000 00697nam a2200289Ia 4500
005 20260324150815.0
008 008 260324s9999 xx 000 0 eng d
020 _a9781003254690
037 _aEBOOK
040 _aCRL
040 _beng
040 _cCRL
041 _2eng
041 _aeng
084 _qCRL
100 _aWilliam Robson
_9999140
245 0 _aPublic Enterprise
245 0 _bDevelopments in Social Ownership and Control in Great Britain
260 _bTaylor and Francis
260 _c1937
365 _a
365 _b230
856 _uhttp://www.taylorfrancis.com/books/9781003254690
942 _cEBOOK
999 _c1837798
_d1837798